[Event "Grand Swiss "]
[Date "2025.09.05"]
[White "Maghsoodloo, Parham"]
[Black "Anton Guijarro, David"]
[WhiteElo "2692"]
[BlackElo "2625"]
[Round "2.2.6"]
[Result "1-0"]

1. c4 {[%clk 01:40:57] [%emt 00:00:02]} e5 {[%clk 01:40:40] [%emt 00:00:21]} 2.
Nc3 {[%clk 01:41:12] [%emt 00:00:15]} Bb4 {[%clk 01:40:27] [%emt 00:00:42]} 3.
Nd5 {[%clk 01:41:03] [%emt 00:00:40]} Be7 {[%clk 01:40:48] [%emt 00:00:09]} 4.
Nf3 {[%clk 01:40:44] [%emt 00:00:49]} d6 {[%clk 01:40:45] [%emt 00:00:32]} 5. d4
{[%clk 01:40:25] [%emt 00:00:49]} Nf6 {[%clk 01:40:33] [%emt 00:00:42]} 6. dxe5
{[%clk 01:38:21] [%emt 00:02:35]} dxe5 {[%clk 01:40:26] [%emt 00:00:37]} 7. Nxe5
{[%clk 01:37:46] [%emt 00:01:05]} Nxd5 {[%clk 01:40:07] [%emt 00:00:49]} 8. cxd5
{[%clk 01:33:59] [%emt 00:04:16]} c6 {[%clk 01:39:24] [%emt 00:01:13]} 9. e3
{[%clk 01:32:12] [%emt 00:02:17]} Qd6 {[%clk 01:24:35] [%emt 00:15:18]} 10. Nd3
{[%clk 01:11:56] [%emt 00:20:46]} Qxd5 {[%clk 01:22:12] [%emt 00:02:54]} 11. Bd2
{[%clk 01:12:20] [%emt 00:00:06]} O-O {[%clk 01:03:14] [%emt 00:19:27]} 12. Nf4
{[%clk 01:11:44] [%emt 00:01:05]} Qd6 {[%clk 01:01:43] [%emt 00:02:02]} 13. Qc2
{[%clk 01:07:46] [%emt 00:04:28]} Qc5 {[%clk 00:59:29] [%emt 00:02:44]} 14. Qxc5
{[%clk 00:50:54] [%emt 00:17:22]} Bxc5 {[%clk 00:59:31] [%emt 00:00:29]} 15.
O-O-O {[%clk 00:51:03] [%emt 00:00:21]} a5 {[%clk 00:53:37] [%emt 00:06:24]} 16.
Bc3 {[%clk 00:44:12] [%emt 00:07:20]} Re8 {[%clk 00:51:12] [%emt 00:02:54]} 17.
Be2 {[%clk 00:42:17] [%emt 00:02:26]} b5 {[%clk 00:42:28] [%emt 00:09:14]} 18.
Rd2 {[%clk 00:36:33] [%emt 00:06:14]} Na6 {[%clk 00:30:14] [%emt 00:12:44]} 19.
g4 {[%clk 00:15:27] [%emt 00:21:36]} b4 {[%clk 00:19:03] [%emt 00:11:42]} 20.
Bd4 {[%clk 00:15:52] [%emt 00:00:04]} Bf8 {[%clk 00:18:29] [%emt 00:01:04]} 21.
Bf3 {[%clk 00:14:51] [%emt 00:01:31]} Bb7 {[%clk 00:17:04] [%emt 00:01:55]} 22.
Rhd1 {[%clk 00:09:51] [%emt 00:05:30]} Re7 {[%clk 00:09:00] [%emt 00:08:34]} 23.
Bb6 {[%clk 00:10:15] [%emt 00:00:06]} c5 {[%clk 00:08:28] [%emt 00:01:02]} 24.
Be2 {[%clk 00:10:41] [%emt 00:00:04]} g5 {[%clk 00:03:00] [%emt 00:05:58]} 25.
Nh5 {[%clk 00:10:05] [%emt 00:01:06]} b3 {[%clk 00:02:20] [%emt 00:01:11]} 26.
axb3 {[%clk 00:08:39] [%emt 00:01:55]} Re6 {[%clk 00:02:12] [%emt 00:00:38]} 27.
Bd8 {[%clk 00:08:10] [%emt 00:00:59]} Nb4 {[%clk 00:01:57] [%emt 00:00:45]} 28.
Bc4 {[%clk 00:06:57] [%emt 00:01:43]} Be4 {[%clk 00:00:38] [%emt 00:01:49]} 29.
Rd7 {[%clk 00:06:43] [%emt 00:00:44]} Na2+ {[%clk 00:00:36] [%emt 00:00:33]} 30.
Kd2 {[%clk 00:07:06] [%emt 00:00:06]} Bc6 {[%clk 00:00:44] [%emt 00:00:22]} 31.
Ke1 {[%clk 00:05:54] [%emt 00:01:41]} Bxd7 {[%clk 00:00:37] [%emt 00:00:38]} 32.
Rxd7 {[%clk 00:06:20] [%emt 00:00:04]} 1-0

[Site "Europe Echecs"]

[Event "Grand Swiss "]
[Date "2025.09.05"]
[White "Demchenko, Anton"]
[Black "Shankland, Sam"]
[WhiteElo "2620"]
[BlackElo "2670"]
[Round "2.2.7"]
[Result "1-0"]

1. e4 {[%clk 01:40:56] [%emt 00:00:03]} c5 {[%clk 01:40:48] [%emt 00:00:12]} 2.
Nf3 {[%clk 01:41:19] [%emt 00:00:06]} d6 {[%clk 01:41:14] [%emt 00:00:04]} 3. d4
{[%clk 01:41:40] [%emt 00:00:10]} cxd4 {[%clk 01:41:39] [%emt 00:00:05]} 4. Nxd4
{[%clk 01:42:07] [%emt 00:00:03]} Nf6 {[%clk 01:42:03] [%emt 00:00:06]} 5. Nc3
{[%clk 01:42:33] [%emt 00:00:04]} a6 {[%clk 01:42:29] [%emt 00:00:04]} 6. Bc4
{[%clk 01:42:21] [%emt 00:00:42]} e6 {[%clk 01:42:43] [%emt 00:00:17]} 7. Be3
{[%clk 01:42:34] [%emt 00:00:16]} b5 {[%clk 01:42:23] [%emt 00:00:50]} 8. Bb3
{[%clk 01:42:57] [%emt 00:00:06]} Be7 {[%clk 01:42:19] [%emt 00:00:34]} 9. a3
{[%clk 01:43:08] [%emt 00:00:19]} O-O {[%clk 01:42:07] [%emt 00:00:42]} 10. h4
{[%clk 01:43:24] [%emt 00:00:14]} Bb7 {[%clk 01:40:39] [%emt 00:01:59]} 11. f3
{[%clk 01:43:17] [%emt 00:00:36]} Nc6 {[%clk 01:40:27] [%emt 00:00:42]} 12. Qe2
{[%clk 01:37:41] [%emt 00:06:06]} Na5 {[%clk 01:38:14] [%emt 00:02:44]} 13. h5
{[%clk 01:31:57] [%emt 00:06:14]} h6 {[%clk 01:37:23] [%emt 00:01:21]} 14. g4
{[%clk 01:25:38] [%emt 00:06:48]} Nd7 {[%clk 01:33:46] [%emt 00:04:07]} 15.
O-O-O {[%clk 01:22:42] [%emt 00:03:25]} Rc8 {[%clk 01:30:57] [%emt 00:03:20]}
16. Kb1 {[%clk 01:13:53] [%emt 00:09:20]} Rxc3 {[%clk 01:24:21] [%emt 00:07:06]}
17. bxc3 {[%clk 01:14:15] [%emt 00:00:07]} Nb6 {[%clk 01:23:53] [%emt 00:00:59]}
18. g5 {[%clk 01:02:40] [%emt 00:12:04]} hxg5 {[%clk 01:20:30] [%emt 00:03:54]}
19. Rhg1 {[%clk 00:58:06] [%emt 00:05:04]} Nac4 {[%clk 01:18:11] [%emt
00:02:49]} 20. Bc1 {[%clk 00:54:16] [%emt 00:04:20]} d5 {[%clk 01:17:06] [%emt
00:01:36]} 21. Qg2 {[%clk 00:31:38] [%emt 00:23:07]} Na4 {[%clk 00:48:16] [%emt
00:29:20]} 22. Ne2 {[%clk 00:31:10] [%emt 00:00:57]} f6 {[%clk 00:42:38] [%emt
00:06:09]} 23. f4 {[%clk 00:28:53] [%emt 00:02:46]} Qa5 {[%clk 00:31:03] [%emt
00:12:05]} 24. fxg5 {[%clk 00:24:16] [%emt 00:05:07]} fxg5 {[%clk 00:31:04]
[%emt 00:00:30]} 25. h6 {[%clk 00:13:13] [%emt 00:11:33]} Bf6 {[%clk 00:25:46]
[%emt 00:05:48]} 26. Qh3 {[%clk 00:13:08] [%emt 00:00:34]} gxh6 {[%clk 00:24:00]
[%emt 00:02:16]} 27. Qxh6 {[%clk 00:05:23] [%emt 00:08:15]} Nxc3+ {[%clk
00:23:27] [%emt 00:01:03]} 28. Nxc3 {[%clk 00:05:48] [%emt 00:00:05]} Qxc3
{[%clk 00:23:54] [%emt 00:00:04]} 29. Qg6+ {[%clk 00:03:33] [%emt 00:02:45]} Bg7
{[%clk 00:24:20] [%emt 00:00:03]} 30. Qxe6+ {[%clk 00:03:59] [%emt 00:00:04]}
Rf7 {[%clk 00:24:46] [%emt 00:00:05]} 31. e5 {[%clk 00:04:24] [%emt 00:00:05]}
Qxe5 {[%clk 00:19:05] [%emt 00:06:10]} 32. Qxe5 {[%clk 00:04:49] [%emt
00:00:05]} Bxe5 {[%clk 00:19:32] [%emt 00:00:04]} 33. Bxc4 {[%clk 00:03:54]
[%emt 00:01:25]} bxc4 {[%clk 00:19:46] [%emt 00:00:16]} 34. Rxg5+ {[%clk
00:03:36] [%emt 00:00:49]} Bg7 {[%clk 00:20:14]} 35. Bb2 {[%clk 00:03:50] [%emt
00:00:17]} Kf8 {[%clk 00:20:15] [%emt 00:00:30]} 36. Bxg7+ {[%clk 00:03:37]
[%emt 00:00:42]} Rxg7 {[%clk 00:20:44] [%emt 00:00:01]} 37. Rxg7 {[%clk
00:03:41] [%emt 00:00:26]} Kxg7 {[%clk 00:21:12] [%emt 00:00:01]} 38. Rf1 {[%clk
00:02:20] [%emt 00:01:51]} d4 {[%clk 00:19:35] [%emt 00:02:07]} 39. Rf4 {[%clk
00:02:39] [%emt 00:00:11]} d3 {[%clk 00:20:02] [%emt 00:00:04]} 40. cxd3 {[%clk
00:01:15] [%emt 00:01:54]} cxd3 {[%clk 00:20:29] [%emt 00:00:03]} 41. Kc1 {[%clk
00:01:41] [%emt 00:00:04]} Kg6 {[%clk 00:17:59] [%emt 00:03:00]} 42. Kd2 {[%clk
00:01:48] [%emt 00:00:23]} Kg5 {[%clk 00:17:58] [%emt 00:00:31]} 43. Rd4 {[%clk
00:48:02] [%emt 00:04:16]} Kf5 {[%clk 01:01:50] [%emt 00:06:38]} 44. Kxd3 {[%clk
00:47:58] [%emt 00:00:34]} Ke6 {[%clk 01:01:43] [%emt 00:00:37]} 45. Kc4 {[%clk
00:48:11] [%emt 00:00:17]} Bg2 {[%clk 01:01:50] [%emt 00:00:22]} 46. Kc5 {[%clk
00:47:44] [%emt 00:00:57]} Bf1 {[%clk 01:02:07] [%emt 00:00:12]} 47. a4 {[%clk
00:47:34] [%emt 00:00:42]} Ke7 {[%clk 01:01:14] [%emt 00:01:22]} 48. Rd1 {[%clk
00:46:48] [%emt 00:01:15]} Bh3 {[%clk 01:01:22] [%emt 00:00:22]} 49. Kb6 {[%clk
00:46:37] [%emt 00:00:41]} Bd7 {[%clk 01:01:31] [%emt 00:00:21]} 50. Rd4 {[%clk
00:46:58] [%emt 00:00:09]} Bc8 {[%clk 01:01:40] [%emt 00:00:22]} 51. a5 {[%clk
00:46:02] [%emt 00:01:26]} Ke8 {[%clk 01:01:51] [%emt 00:00:19]} 52. Rd6 {[%clk
00:45:56] [%emt 00:00:36]} 1-0

[Site "Europe Echecs"]

[Event "Grand Swiss "]
[Date "2025.09.05"]
[White "Suleymanli, Aydin"]
[Black "Gelfand, Boris"]
[WhiteElo "2602"]
[BlackElo "2652"]
[Round "2.2.8"]
[Result "1/2-1/2"]

1. e4 {[%clk 01:40:58]} c5 {[%clk 01:40:57] [%emt 00:00:04]} 2. Nf3 {[%clk
01:41:21] [%emt 00:00:06]} Nc6 {[%clk 01:41:24] [%emt 00:00:03]} 3. Bb5 {[%clk
01:41:42] [%emt 00:00:09]} d6 {[%clk 01:41:50] [%emt 00:00:04]} 4. O-O {[%clk
01:41:31] [%emt 00:00:41]} Bd7 {[%clk 01:42:13] [%emt 00:00:07]} 5. Re1 {[%clk
01:40:06] [%emt 00:01:55]} a6 {[%clk 01:40:40] [%emt 00:02:04]} 6. Bxc6 {[%clk
01:40:12] [%emt 00:00:24]} Bxc6 {[%clk 01:41:03] [%emt 00:00:07]} 7. d4 {[%clk
01:40:33] [%emt 00:00:09]} cxd4 {[%clk 01:41:28] [%emt 00:00:04]} 8. Nxd4 {[%clk
01:40:58] [%emt 00:00:06]} Rc8 {[%clk 01:41:43] [%emt 00:00:15]} 9. c4 {[%clk
01:40:36] [%emt 00:00:51]} g6 {[%clk 01:40:18] [%emt 00:01:55]} 10. b3 {[%clk
01:39:35] [%emt 00:01:31]} Bg7 {[%clk 01:36:25] [%emt 00:04:24]} 11. Bb2 {[%clk
01:38:29] [%emt 00:01:35]} Nf6 {[%clk 01:36:39] [%emt 00:00:16]} 12. Nc3 {[%clk
01:37:05] [%emt 00:01:53]} O-O {[%clk 01:35:44] [%emt 00:01:25]} 13. Nd5 {[%clk
01:28:30] [%emt 00:09:05]} b5 {[%clk 01:11:57] [%emt 00:24:18]} 14. Nxc6 {[%clk
01:19:50] [%emt 00:09:09]} Rxc6 {[%clk 01:11:30] [%emt 00:00:57]} 15. cxb5
{[%clk 01:20:02] [%emt 00:00:18]} axb5 {[%clk 01:11:53] [%emt 00:00:07]} 16. Nb4
{[%clk 01:14:39] [%emt 00:05:53]} Rc8 {[%clk 01:06:11] [%emt 00:06:13]} 17. Qe2
{[%clk 01:10:45] [%emt 00:04:24]} Qa5 {[%clk 01:00:36] [%emt 00:06:05]} 18. a3
{[%clk 01:10:53] [%emt 00:00:21]} e6 {[%clk 01:00:19] [%emt 00:00:47]} 19. h3
{[%clk 01:00:53] [%emt 00:10:30]} Rfd8 {[%clk 00:44:12] [%emt 00:16:38]} 20.
Rac1 {[%clk 00:52:48] [%emt 00:08:33]} Qb6 {[%clk 00:43:27] [%emt 00:01:16]} 21.
e5 {[%clk 00:49:04] [%emt 00:04:15]} dxe5 {[%clk 00:38:18] [%emt 00:05:39]} 22.
Bxe5 {[%clk 00:47:38] [%emt 00:01:54]} Qb7 {[%clk 00:34:54] [%emt 00:03:55]} 23.
Rxc8 {[%clk 00:40:26] [%emt 00:07:41]} Rxc8 {[%clk 00:35:03] [%emt 00:00:21]}
24. Qb2 {[%clk 00:40:44] [%emt 00:00:11]} Ne8 {[%clk 00:33:17] [%emt 00:02:17]}
25. Bxg7 {[%clk 00:40:44] [%emt 00:00:30]} Nxg7 {[%clk 00:33:13] [%emt
00:00:34]} 26. Rc1 {[%clk 00:39:04] [%emt 00:02:10]} Nf5 {[%clk 00:31:05] [%emt
00:02:39]} 27. Rxc8+ {[%clk 00:38:23] [%emt 00:01:11]} Qxc8 {[%clk 00:31:01]
[%emt 00:00:34]} 28. Qc2 {[%clk 00:38:35] [%emt 00:00:17]} Qf8 {[%clk 00:24:04]
[%emt 00:07:27]} 29. Qc6 {[%clk 00:28:46] [%emt 00:10:17]} Nd4 {[%clk 00:23:13]
[%emt 00:01:23]} 30. Qb6 {[%clk 00:28:37] [%emt 00:00:37]} Nxb3 {[%clk 00:22:19]
[%emt 00:01:25]} 31. Qxb5 {[%clk 00:28:36] [%emt 00:00:31]} h5 {[%clk 00:19:19]
[%emt 00:03:30]} 32. Nc2 {[%clk 00:27:24] [%emt 00:01:41]} Nc5 {[%clk 00:19:10]
[%emt 00:00:40]} 33. Qc6 {[%clk 00:20:33] [%emt 00:07:19]} Qe7 {[%clk 00:18:03]
[%emt 00:01:39]} 34. Ne3 {[%clk 00:16:50] [%emt 00:04:12]} Kh7 {[%clk 00:14:19]
[%emt 00:04:15]} 35. a4 {[%clk 00:16:25] [%emt 00:00:55]} Qa7 {[%clk 00:13:08]
[%emt 00:01:41]} 36. g4 {[%clk 00:10:27] [%emt 00:06:28]} 1/2-1/2

[Site "Europe Echecs"]

[Event "Grand Swiss "]
[Date "2025.09.05"]
[White "Praggnanandhaa R"]
[Black "Zemlyanskii, Ivan"]
[WhiteElo "2785"]
[BlackElo "2586"]
[Round "2.2.9"]
[Result "1-0"]

1. c4 {[%clk 01:40:15] [%emt 00:00:44]} Nf6 {[%clk 01:40:49] [%emt 00:00:12]} 2.
Nc3 {[%clk 01:40:39] [%emt 00:00:06]} d5 {[%clk 01:41:08] [%emt 00:00:08]} 3.
cxd5 {[%clk 01:40:50] [%emt 00:00:22]} Nxd5 {[%clk 01:41:33] [%emt 00:00:05]} 4.
Nf3 {[%clk 01:40:37] [%emt 00:00:43]} c5 {[%clk 01:41:56] [%emt 00:00:08]} 5. g3
{[%clk 01:39:56] [%emt 00:01:10]} g6 {[%clk 01:42:13] [%emt 00:00:13]} 6. Qb3
{[%clk 01:29:03] [%emt 00:11:23]} Nb4 {[%clk 01:38:09] [%emt 00:04:33]} 7. Ne4
{[%clk 01:16:35] [%emt 00:12:59]} Bg7 {[%clk 01:33:03] [%emt 00:05:37]} 8. Nxc5
{[%clk 00:57:15] [%emt 00:19:50]} N8c6 {[%clk 01:29:41] [%emt 00:03:51]} 9. Bg2
{[%clk 00:55:01] [%emt 00:02:44]} Qa5 {[%clk 01:08:44] [%emt 00:21:28]} 10. Qc4
{[%clk 00:50:27] [%emt 00:05:04]} b6 {[%clk 01:08:24] [%emt 00:00:50]} 11. Nb3
{[%clk 00:50:14] [%emt 00:00:43]} Qa6 {[%clk 01:00:59] [%emt 00:07:54]} 12. Ne5
{[%clk 00:46:26] [%emt 00:04:18]} Qxc4 {[%clk 00:59:30] [%emt 00:02:00]} 13.
Nxc4 {[%clk 00:46:55] [%emt 00:00:02]} Be6 {[%clk 00:56:47] [%emt 00:03:13]} 14.
d3 {[%clk 00:46:54] [%emt 00:00:30]} Rc8 {[%clk 00:53:15] [%emt 00:04:03]} 15.
O-O {[%clk 00:43:12] [%emt 00:04:12]} O-O {[%clk 00:49:36] [%emt 00:04:09]} 16.
Bd2 {[%clk 00:36:15] [%emt 00:07:27]} Nc2 {[%clk 00:43:40] [%emt 00:06:26]} 17.
Rad1 {[%clk 00:34:35] [%emt 00:02:10]} Bg4 {[%clk 00:38:47] [%emt 00:05:24]} 18.
f3 {[%clk 00:27:03] [%emt 00:08:02]} Be6 {[%clk 00:38:30] [%emt 00:00:46]} 19.
Rc1 {[%clk 00:25:41] [%emt 00:01:53]} Bxc4 {[%clk 00:20:24] [%emt 00:18:36]} 20.
dxc4 {[%clk 00:24:21] [%emt 00:01:49]} N2d4 {[%clk 00:19:32] [%emt 00:01:22]}
21. Kf2 {[%clk 00:21:08] [%emt 00:03:43]} Nxb3 {[%clk 00:18:57] [%emt 00:01:05]}
22. axb3 {[%clk 00:21:33] [%emt 00:00:05]} Bxb2 {[%clk 00:17:51] [%emt
00:01:36]} 23. Rb1 {[%clk 00:21:36] [%emt 00:00:27]} Ba3 {[%clk 00:17:11] [%emt
00:01:10]} 24. f4 {[%clk 00:20:33] [%emt 00:01:32]} Rfd8 {[%clk 00:14:59] [%emt
00:02:42]} 25. Rfd1 {[%clk 00:19:51] [%emt 00:01:11]} Bb4 {[%clk 00:10:55] [%emt
00:04:35]} 26. Be3 {[%clk 00:17:19] [%emt 00:03:02]} Na5 {[%clk 00:08:50] [%emt
00:02:35]} 27. Rd3 {[%clk 00:15:15] [%emt 00:02:34]} Kf8 {[%clk 00:08:49] [%emt
00:00:32]} 28. Ra1 {[%clk 00:12:17] [%emt 00:03:28]} Ke8 {[%clk 00:05:58] [%emt
00:03:20]} 29. Ra4 {[%clk 00:11:36] [%emt 00:01:11]} Bd6 {[%clk 00:05:23] [%emt
00:01:06]} 30. Be4 {[%clk 00:07:31] [%emt 00:04:35]} Rc7 {[%clk 00:03:29] [%emt
00:02:24]} 31. c5 {[%clk 00:05:23] [%emt 00:02:38]} Bxc5 {[%clk 00:01:00] [%emt
00:02:59]} 32. Bxc5 {[%clk 00:05:29] [%emt 00:00:22]} Rxc5 {[%clk 00:00:38]
[%emt 00:00:52]} 33. b4 {[%clk 00:05:38] [%emt 00:00:22]} 1-0

[Site "Europe Echecs"]

[Event "Grand Swiss "]
[Date "2025.09.05"]
[White "Chigaev, Maksim"]
[Black "Aronian, Levon"]
[WhiteElo "2638"]
[BlackElo "2744"]
[Round "2.2.12"]
[Result "1/2-1/2"]

1. c4 {[%clk 01:40:48] [%emt 00:00:10]} Nf6 {[%clk 01:40:45] [%emt 00:00:16]} 2.
Nc3 {[%clk 01:41:07] [%emt 00:00:11]} e5 {[%clk 01:40:07] [%emt 00:01:09]} 3.
Nf3 {[%clk 01:41:25] [%emt 00:00:11]} Nc6 {[%clk 01:40:32] [%emt 00:00:05]} 4.
e3 {[%clk 01:41:42] [%emt 00:00:13]} Bb4 {[%clk 01:39:50] [%emt 00:01:12]} 5.
Qc2 {[%clk 01:41:44] [%emt 00:00:27]} Bxc3 {[%clk 01:40:10] [%emt 00:00:10]} 6.
Qxc3 {[%clk 01:42:05] [%emt 00:00:09]} Qe7 {[%clk 01:40:32] [%emt 00:00:09]} 7.
a3 {[%clk 01:42:25] [%emt 00:00:10]} d5 {[%clk 01:36:41] [%emt 00:04:21]} 8. d4
{[%clk 01:42:07] [%emt 00:00:48]} exd4 {[%clk 01:32:45] [%emt 00:04:27]} 9. Nxd4
{[%clk 01:42:03] [%emt 00:00:33]} Nxd4 {[%clk 01:24:52] [%emt 00:08:24]} 10.
Qxd4 {[%clk 01:42:22] [%emt 00:00:10]} Be6 {[%clk 01:25:05] [%emt 00:00:17]} 11.
c5 {[%clk 01:16:16] [%emt 00:26:35]} h5 {[%clk 01:06:49] [%emt 00:18:47]} 12. b4
{[%clk 01:12:27] [%emt 00:04:19]} h4 {[%clk 01:06:43] [%emt 00:00:36]} 13. h3
{[%clk 01:11:54] [%emt 00:01:03]} Ne4 {[%clk 01:01:22] [%emt 00:05:52]} 14. Bb2
{[%clk 01:04:34] [%emt 00:07:50]} f6 {[%clk 00:59:38] [%emt 00:02:15]} 15. Bd3
{[%clk 01:02:17] [%emt 00:02:46]} Bf7 {[%clk 00:59:55] [%emt 00:00:13]} 16. O-O
{[%clk 00:49:21] [%emt 00:13:26]} c6 {[%clk 00:59:02] [%emt 00:01:24]} 17. Rad1
{[%clk 00:41:38] [%emt 00:08:11]} Kf8 {[%clk 00:57:43] [%emt 00:01:50]} 18. Rfe1
{[%clk 00:27:58] [%emt 00:14:10]} Re8 {[%clk 00:51:12] [%emt 00:07:00]} 19. f3
{[%clk 00:23:50] [%emt 00:04:37]} Ng3 {[%clk 00:50:38] [%emt 00:01:05]} 20. Qf4
{[%clk 00:22:13] [%emt 00:02:07]} Rh6 {[%clk 00:41:57] [%emt 00:09:11]} 21. e4
{[%clk 00:17:43] [%emt 00:05:00]} dxe4 {[%clk 00:42:21] [%emt 00:00:07]} 22.
fxe4 {[%clk 00:18:09] [%emt 00:00:04]} Bb3 {[%clk 00:35:52] [%emt 00:06:58]} 23.
Rd2 {[%clk 00:18:17] [%emt 00:00:22]} Kg8 {[%clk 00:33:31] [%emt 00:02:52]} 24.
Kh2 {[%clk 00:12:48] [%emt 00:05:58]} f5 {[%clk 00:27:08] [%emt 00:06:54]} 25.
e5 {[%clk 00:09:01] [%emt 00:04:17]} Qe6 {[%clk 00:24:00] [%emt 00:03:37]} 26.
Bd4 {[%clk 00:04:57] [%emt 00:04:34]} Bd5 {[%clk 00:19:36] [%emt 00:04:55]} 27.
Bf2 {[%clk 00:05:14] [%emt 00:00:12]} Ne4 {[%clk 00:19:20] [%emt 00:00:46]} 28.
Bxe4 {[%clk 00:05:36] [%emt 00:00:08]} fxe4 {[%clk 00:19:46] [%emt 00:00:04]}
29. Bxh4 {[%clk 00:04:32] [%emt 00:01:34]} Qxe5 {[%clk 00:18:44] [%emt
00:01:33]} 30. Qxe5 {[%clk 00:04:56] [%emt 00:00:06]} Rxe5 {[%clk 00:19:04]
[%emt 00:00:11]} 1/2-1/2

[Site "Europe Echecs"]